00781cam a2200277 a 4500001000700000003000500007005001700012008004100029010001700070020002600087038001100113040001600124050002300140082001600163100004000179245007600219260003400295300002900329504003900358563000900397650002400406650001700430650001400447650001300461700002900474967263NUST20220509101241.0841018s1983 enka b 001 0 eng c a 84673505  a0709919182 :c£12.95 awaseem aMHcMHdDLC14aUA990b.O78x 1983b a355.02bOSU1 aO'Sullivan, Patrick Michael,d1941-14aThe geography of warfare /cPatrick O'Sullivan and Jesse W. Miller, Jr. aLondon :bCroom Helm,cc1983. a172 p. :bill. ;c23 cm. aIncludes bibliographies and index. aHBK. 0aMilitary geography. 0aGeopolitics. 0aStrategy. 0aTactics.1 aMiller, Jesse W.,d1941-